000 00685nam a2200289Ia 4500
005 20260324124950.0
008 008 260324s9999 xx 000 0 eng d
020 _a9780080928463
037 _aEBOOK
040 _aCRL
040 _beng
040 _cCRL
041 _2eng
041 _aeng
084 _qCRL
100 _aBill Byrne
_91169623
245 4 _aThe Visual Effects Arsenal
245 0 _bVFX Solutions for the Independent Filmmaker
260 _bTaylor and Francis
260 _c2009
365 _a
365 _b240
856 _uhttp://www.taylorfrancis.com/books/9780080928463
942 _cEBOOK
999 _c1771023
_d1771023